<?xml version="1.0" encoding="UTF-8"?>
<record
    xmlns:xsi="http://www.w3.org/2001/XMLSchema-instance"
    xsi:schemaLocation="http://www.loc.gov/MARC21/slim http://www.loc.gov/standards/marcxml/schema/MARC21slim.xsd"
    xmlns="http://www.loc.gov/MARC21/slim">

  <leader>01614nam a22003018i 4500</leader>
  <controlfield tag="001">991027296479007026</controlfield>
  <controlfield tag="003">UkOxU</controlfield>
  <controlfield tag="005">20251003093723.0</controlfield>
  <controlfield tag="007">t|</controlfield>
  <controlfield tag="008">250114s2025    enk           000 0 eng d</controlfield>
  <datafield tag="015" ind1=" " ind2=" ">
    <subfield code="a">GBC520325</subfield>
    <subfield code="2">bnb</subfield>
  </datafield>
  <datafield tag="016" ind1="7" ind2=" ">
    <subfield code="a">300521255</subfield>
    <subfield code="2">Uk</subfield>
  </datafield>
  <datafield tag="020" ind1=" " ind2=" ">
    <subfield code="a">9781786497680</subfield>
  </datafield>
  <datafield tag="024" ind1="8" ind2=" ">
    <subfield code="a">CIPO000202556</subfield>
  </datafield>
  <datafield tag="035" ind1=" " ind2=" ">
    <subfield code="a">(OCoLC)1518009839</subfield>
  </datafield>
  <datafield tag="035" ind1=" " ind2=" ">
    <subfield code="a">(OCoLC)on1518009839</subfield>
  </datafield>
  <datafield tag="040" ind1=" " ind2=" ">
    <subfield code="a">UKMGB</subfield>
    <subfield code="b">eng</subfield>
    <subfield code="e">rda</subfield>
    <subfield code="c">UKMGB</subfield>
    <subfield code="d">OCLCO</subfield>
    <subfield code="d">AUXAM</subfield>
    <subfield code="d">UkOxU</subfield>
  </datafield>
  <datafield tag="041" ind1=" " ind2=" ">
    <subfield code="a">eng</subfield>
  </datafield>
  <datafield tag="050" ind1=" " ind2=" ">
    <subfield code="a">CB455 </subfield>
    <subfield code="b">.B37 2024</subfield>
  </datafield>
  <datafield tag="100" ind1=" " ind2=" ">
    <subfield code="a">Barker, Hugh</subfield>
    <subfield code="e">author</subfield>
    <subfield code="9">25989</subfield>
  </datafield>
  <datafield tag="245" ind1="1" ind2="0">
    <subfield code="a">Quantum leaps</subfield>
    <subfield code="b">: how maths is shaping the future</subfield>
    <subfield code="c">/ Hugh Barker.</subfield>
  </datafield>
  <datafield tag="260" ind1=" " ind2=" ">
    <subfield code="a">London :</subfield>
    <subfield code="b">Atlantic Books,</subfield>
    <subfield code="c">2025.</subfield>
  </datafield>
  <datafield tag="300" ind1=" " ind2=" ">
    <subfield code="a">320 pages ;</subfield>
    <subfield code="c">20 cm.</subfield>
  </datafield>
  <datafield tag="520" ind1=" " ind2=" ">
    <subfield code="a">From the author of Million Dollar Maths comes a fascinating and engaging look at the mathematics that lies behind our modern world.

How does Google know what you want to type?
How did humans first reach the moon?
Could we ever have a supercomputer the size of a pinhead?

In this thrilling numerical journey, Hugh Barker explores how mathematics has helped to build the technology of today, and the fascinating ways it is shaping the future. From green energy to 3-D printing and from quantum cryptography to machine learning, Quantum Leaps reveals the hidden mathematics in modern technology.

Beautifully written and full of ingenious examples, this book will make you realise how the modern world would be impossible without our formidable mathematical armoury.</subfield>
  </datafield>
  <datafield tag="650" ind1=" " ind2="0">
    <subfield code="a">Discoveries in science</subfield>
    <subfield code="9">25990</subfield>
  </datafield>
  <datafield tag="650" ind1=" " ind2="0">
    <subfield code="a">Science</subfield>
    <subfield code="x">Mathematics</subfield>
    <subfield code="9">25991</subfield>
  </datafield>
  <datafield tag="942" ind1=" " ind2=" ">
    <subfield code="2">lcc</subfield>
  </datafield>
  <datafield tag="952" ind1=" " ind2=" ">
    <subfield code="0">0</subfield>
    <subfield code="1">0</subfield>
    <subfield code="2">lcc</subfield>
    <subfield code="4">0</subfield>
    <subfield code="7">0</subfield>
    <subfield code="a">TBS</subfield>
    <subfield code="b">TBS</subfield>
    <subfield code="d">2025-10-03</subfield>
    <subfield code="l">0</subfield>
    <subfield code="o">CB455 BAR</subfield>
    <subfield code="p">B07635</subfield>
    <subfield code="r">2025-10-03</subfield>
    <subfield code="t">1</subfield>
    <subfield code="w">2025-10-03</subfield>
    <subfield code="y">1</subfield>
  </datafield>
  <datafield tag="999" ind1=" " ind2=" ">
    <subfield code="c">5000</subfield>
    <subfield code="d">5000</subfield>
  </datafield>
</record>
